000 00318nam a2200133Ia 4500
005 20260328101509.0
008 260328s9999||||xx |||||||||||||| ||und||
100 _aLe Corbusier
245 0 _aEl poema del ángulo Recto /
_cLe Corbusier
260 _bTeriade
300 _a40 p.
650 _aCorbusier, Le
942 _cBK
999 _c9141
_d9141